|
|
|
|
| LEADER |
01332nam a2200337 a 4500 |
| 001 |
000129357 |
| 003 |
CZ BrMZK |
| 005 |
20230424093517.0 |
| 007 |
ta |
| 008 |
960815s1995 xr e p 0 cze d |
| 015 |
|
|
|a cnb000099784
|
| 020 |
|
|
|a 80-85109-99-9
|
| 035 |
|
|
|a (OCoLC)37960924
|
| 040 |
|
|
|a BOA001
|b cze
|
| 072 |
|
7 |
|a 614
|x Veřejné zdraví a hygiena
|2 Konspekt
|9 14
|
| 072 |
|
7 |
|a 37.016
|x Učební osnovy. Vyučovací předměty. Učebnice
|2 Konspekt
|9 22
|
| 080 |
|
|
|a 614.2:005
|2 MRF
|
| 080 |
|
|
|a (075.8)
|2 MRF
|
| 245 |
0 |
0 |
|a Základy managementu ve zdravotnictví II :
|b Zdravotnické systémy /
|c Roman Prymula ... [et al.]
|
| 250 |
|
|
|a 1. vyd.
|
| 260 |
|
|
|a Hradec Králové :
|b Vojenská lékařská akademie J.E. Purkyně,
|c 1995
|
| 300 |
|
|
|a 131 s. ;
|c 21 cm
|
| 490 |
1 |
|
|a Učební texty Vojenské lékařské akademie J. E. Purkyně v Hradci Králové ;
|v sv. 297
|
| 500 |
|
|
|a Bibliogr.
|
| 650 |
0 |
7 |
|a zdravotnický management
|7 ph208146
|2 czenas
|
| 655 |
|
7 |
|a učebnice vysokých škol
|7 fd133772
|2 czenas
|
| 700 |
1 |
|
|a Prymula, Roman,
|d 1964-
|7 nlk19990073741
|4 aut
|
| 830 |
|
0 |
|a Učební texty Vojenské lékařské akademie J. E. Purkyně v Hradci Králové
|
| 910 |
|
|
|a BOA001
|b 2-1028.707
|
| 990 |
|
|
|a BK
|
| 996 |
6 |
|
|b 2610046773
|c 2-1028.707
|l MZK
|r Sklad / do 1 hodiny
|n 49
|p p.v.
|w 000129357
|u 000010
|a 1
|e BOA001
|j MZK50
|s P
|